000
00288nam a22001097a 4500
008
160613b xxu||||| |||| 00| 0 eng d
020
_a
0323022405
041
_a
eng
080
_a
618.2
245
_a
Community & public health nursing:
_c
Marcia Stanhope; Jeanette Lancaster;
942
_2
udc
_c
BK
999
_c
2467
_d
2467